[Event "POL-chT 1st League"]
[Site "Pokrzywna"]
[Date "2018.09.08"]
[Round "8.5"]
[White "Musialkiewicz, Pawel"]
[Black "Zylka, Stanislaw"]
[Result "0-1"]
[WhiteElo "2247"]
[BlackElo "2327"]
[PlyCount "116"]
[EventDate "2018.09.01"]
[EventType "team-tourn"]
[EventRounds "9"]
[EventCountry "POL"]
[SourceTitle "CBM 186 Extra"]
[Source "ChessBase"]
[SourceDate "2018.08.24"]
[SourceVersion "1"]
[SourceVersionDate "2018.08.24"]
[SourceQuality "1"]
[WhiteTeam "Chrobry Gniezno"]
[BlackTeam "Rybnik"]
[WhiteTeamCountry "POL"]
[BlackTeamCountry "POL"]

1. d4 Nf6 2. c4 g6 3. g3 Bg7 4. Bg2 d5 5. cxd5 Nxd5 6. Nf3 0-0 7. 0-0 Nc6 8. e3 Nb6 9. Re1 e5 10. dxe5 Nxe5 11. Nxe5 Bxe5 12. f4 Bg7 13. e4 Qxd1 14. Rxd1 Bg4 15. Rd2 Rad8 16. e5 c6 17. h3 Be6 18. b3 f6 19. Bb2 fxe5 20. Bxe5 Bxe5 21. fxe5 Rd7 22. Rxd7 Nxd7 23. Nd2 Rf5 24. Ne4 Rxe5 25. Nd6 b6 26. Bxc6 Bxh3 27. Nb5 Nb8 28. Nxa7 Ra5 29. Kh2 Be6 30. Re1 Nxc6 31. Nxc6 Rxa2+ 32. Kg1 Bxb3 33. Rb1 Bc2 34. Rxb6 Be4 35. Ne7+ Kg7 36. Rb4 Ba8 37. g4 Kf6 38. Nc8 Kg5 39. Nb6 Bf3 40. Nd7 Re2 41. Rb5+ Kf4 42. Kf1 Rd2 43. Nf6 Kg3 44. Re5 h6 45. Ng8 Rh2 46. Ke1 Bxg4 47. Nf6 Bf3 48. Re3 g5 49. Ra3 Re2+ 50. Kf1 Re6 51. Nh5+ Kg4 52. Ng7 Re7 53. Ra4+ Be4 54. Kf2 h5 55. Rb4 h4 56. Kg1 Rxg7 57. Rxe4+ Kf3 58. Ra4 Re7 0-1

[Event "POL-chT 1st League"]
[Site "Pokrzywna"]
[Date "2018.09.05"]
[Round "5.3"]
[White "Miroslaw, Michal"]
[Black "Musialkiewicz, Pawel"]
[Result "1-0"]
[WhiteElo "2280"]
[BlackElo "2247"]
[PlyCount "87"]
[EventDate "2018.09.01"]
[EventType "team-tourn"]
[EventRounds "9"]
[EventCountry "POL"]
[SourceTitle "CBM 186 Extra"]
[Source "ChessBase"]
[SourceDate "2018.08.24"]
[SourceVersion "1"]
[SourceVersionDate "2018.08.24"]
[SourceQuality "1"]
[WhiteTeam "Lublin Drakon"]
[BlackTeam "Chrobry Gniezno"]
[WhiteTeamCountry "POL"]
[BlackTeamCountry "POL"]

1. e4 e6 2. c4 c5 3. Nc3 d6 4. d4 cxd4 5. Qxd4 Nf6 6. Nf3 Be7 7. Be2 0-0 8. 0-0 h6 9. b3 a6 10. Rd1 Qc7 11. h3 Nbd7 12. Bb2 Rd8 13. Rac1 b6 14. Qe3 Bb7 15. Bd3 Rac8 16. Bb1 Qb8 17. Nd4 Qa8 18. Ba3 Nc5 19. f3 Nh5 20. Nde2 Bg5 21. f4 Nxf4 22. Nxf4 e5 23. g3 exf4 24. gxf4 Bf6 25. Nd5 Bxd5 26. Rxd5 Re8 27. Rcd1 Rc7 28. Re1 Rce7 29. Qf3 Bh4 30. Re2 Re6 31. Bb2 Rg6+ 32. Rg2 Qd8 33. e5 Rxg2+ 34. Qxg2 Qe7 35. Rxd6 Ne6 36. Qg4 Rd8 37. Ba3 Rxd6 38. Bxd6 Qd8 39. Bf5 Nd4 40. Be4 b5 41. c5 g5 42. fxg5 Bxg5 43. h4 Qa5 44. b4 1-0

[Event "Wroclaw Anderssen Memorial op"]
[Site "Wroclaw"]
[Date "2018.08.04"]
[Round "3"]
[White "Musialkiewicz, Pawel"]
[Black "Djuric, Stefan"]
[Result "1-0"]
[WhiteElo "2247"]
[BlackElo "2352"]
[PlyCount "109"]
[EventDate "2018.08.04"]
[EventType "swiss (rapid)"]
[EventRounds "13"]
[EventCountry "POL"]
[SourceTitle "CBM 185 Extra"]
[Source "ChessBase"]
[SourceDate "2018.07.29"]
[SourceVersion "1"]
[SourceVersionDate "2018.07.29"]
[SourceQuality "1"]

1. d4 Nf6 2. c4 g6 3. Nc3 Bg7 4. e4 0-0 5. f3 d6 6. Be3 b6 7. Bd3 Nbd7 8. Qd2 c5 9. Nge2 e6 10. Rd1 cxd4 11. Nxd4 Ne5 12. 0-0 Ba6 13. Ndb5 d5 14. cxd5 exd5 15. Bg5 Nxd3 16. Qxd3 dxe4 17. Qxd8 Rfxd8 18. Rxd8+ Rxd8 19. fxe4 Nxe4 20. Bxd8 Nxc3 21. Nxc3 Bd4+ 22. Rf2 f5 23. g3 Kf7 24. Kg2 Bb7+ 25. Kf1 Ba6+ 26. Ke1 Bxf2+ 27. Kxf2 Ke6 28. Ke3 Bf1 29. Kf4 Bd3 30. h4 b5 31. Ba5 h6 32. Bc7 b4 33. Nd1 Kd5 34. a3 b3 35. Ba5 Bc2 36. Ne3+ Kd4 37. Bc3+ Kd3 38. Nd5 Bd1 39. Ne7 Bh5 40. Ng8 Kc2 41. Nxh6 a5 42. Ng8 a4 43. Nf6 Be2 44. Kg5 Bd3 45. Nd5 Be4 46. Nf4 Kd1 47. Nxg6 Ke2 48. h5 Bd5 49. h6 Bg8 50. Ne7 Bh7 51. Nxf5 Kf3 52. g4 Ke4 53. Kf6 Kf4 54. Kg7 Kxg4 55. Kxh7 1-0

[Event "POL-chT 1st League"]
[Site "Poronin"]
[Date "2017.09.05"]
[Round "4.2"]
[White "Musialkiewicz, Pawel"]
[Black "Bartel, Michal"]
[Result "0-1"]
[WhiteElo "2266"]
[BlackElo "2337"]
[PlyCount "54"]
[EventDate "2017.09.02"]
[EventType "team-tourn"]
[EventRounds "9"]
[EventCountry "POL"]
[SourceTitle "CBM 180 Extra"]
[Source "ChessBase"]
[SourceDate "2017.10.06"]
[SourceVersion "1"]
[SourceVersionDate "2017.10.06"]
[SourceQuality "1"]
[WhiteTeam "Chrobry Gniezno"]
[BlackTeam "Wrzos Miedzyborow"]
[WhiteTeamCountry "POL"]
[BlackTeamCountry "POL"]

1. d4 d5 2. c4 e6 3. Nc3 a6 4. cxd5 exd5 5. Nf3 Nf6 6. Bg5 Be6 7. g3 Nbd7 8. Bg2 h6 9. Bf4 g5 10. Be5 c6 11. 0-0 g4 12. Bxf6 Qxf6 13. Ne1 h5 14. f4 Bf5 15. Rc1 Bg7 16. e3 h4 17. Nc2 Qh6 18. e4 hxg3 19. hxg3 Bxe4 20. Nxe4 dxe4 21. Qxg4 0-0-0 22. Rfd1 Rdg8 23. Qf5 Qh2+ 24. Kf1 Qxg3 25. Qxe4 Rh4 26. Rd3 Rxf4+ 27. Kg1 Qf2+ 0-1

[Event "POL-chT 1st League"]
[Site "Poronin"]
[Date "2017.09.02"]
[Round "1.5"]
[White "Musialkiewicz, Pawel"]
[Black "Pacan Milej, Kosma"]
[Result "1-0"]
[WhiteElo "2266"]
[BlackElo "2316"]
[PlyCount "67"]
[EventDate "2017.09.02"]
[EventType "team-tourn"]
[EventRounds "9"]
[EventCountry "POL"]
[SourceTitle "CBM 180 Extra"]
[Source "ChessBase"]
[SourceDate "2017.10.06"]
[SourceVersion "1"]
[SourceVersionDate "2017.10.06"]
[SourceQuality "1"]
[WhiteTeam "Chrobry Gniezno"]
[BlackTeam "Lodz Okucia Budowlane"]
[WhiteTeamCountry "POL"]
[BlackTeamCountry "POL"]

1. d4 d5 2. c4 c6 3. Nf3 Nf6 4. e3 a6 5. Bd3 Bg4 6. Nbd2 e6 7. Qc2 Nbd7 8. b3 Bxf3 9. Nxf3 Bb4+ 10. Bd2 Qe7 11. 0-0 Bxd2 12. Nxd2 0-0 13. Rac1 h6 14. Rfe1 Rad8 15. Nf3 Rfe8 16. e4 dxe4 17. Bxe4 Qa3 18. c5 Nxe4 19. Rxe4 Nf6 20. Rh4 g5 21. Rxh6 Kg7 22. Rxf6 Kxf6 23. Qd2 Rd5 24. Rc4 Red8 25. h4 g4 26. Ne5 Rxe5 27. dxe5+ Ke7 28. Qg5+ Ke8 29. Qxg4 Qxa2 30. Qg8+ Ke7 31. Qg5+ Ke8 32. Rf4 Qxb3 33. Qg8+ Kd7 34. Rd4+ 1-0

[Event "Poznan op 24th"]
[Site "Poznan"]
[Date "2016.08.14"]
[Round "8"]
[White "Musialkiewicz, Pawel"]
[Black "Meczynski, Waldemar"]
[Result "1-0"]
[WhiteElo "2266"]
[BlackElo "2032"]
[PlyCount "201"]
[EventDate "2016.08.08"]
[EventType "swiss"]
[EventRounds "9"]
[EventCountry "POL"]
[SourceTitle "CBM 173 Extra"]
[Source "ChessBase"]
[SourceDate "2016.08.29"]
[SourceVersion "1"]
[SourceVersionDate "2016.08.29"]
[SourceQuality "1"]

1. d4 Nf6 2. c4 e6 3. Nc3 Bb4 4. Qc2 0-0 5. a3 Bxc3+ 6. Qxc3 Ne4 7. Qc2 f5 8. g3 b6 9. Bg2 Bb7 10. Nf3 Nf6 11. b4 Be4 12. Qb3 a5 13. b5 d6 14. 0-0 Nbd7 15. Ng5 Bxg2 16. Kxg2 Qe7 17. c5 Nd5 18. c6 N7f6 19. f3 h6 20. e4 hxg5 21. Bxg5 Qf7 22. exd5 Nxd5 23. Kh1 Rae8 24. Rae1 Qh5 25. f4 Kf7 26. Rf2 Qh3 27. Rf3 Rh8 28. Re2 Qg4 29. h4 Qh3+ 30. Kg1 Qg4 31. Kh2 Rhg8 32. Kg1 Rh8 33. Kf1 Qh3+ 34. Ke1 Qg4 35. Kd2 Rhg8 36. Rf1 g6 37. Rh1 Rh8 38. Rhe1 Rhg8 39. Rf1 Rh8 40. Rh2 Rh5 41. Re1 Rhh8 42. Rhe2 Rhg8 43. Rf1 Rh8 44. Rfe1 Rhg8 45. Kc1 Rh8 46. Rh2 Rh5 47. Rhe2 Rhh8 48. Kd2 Rhg8 49. Rf1 Rh8 50. Qf3 Qxf3 51. Rxf3 Nf6 52. Bxf6 Kxf6 53. Rfe3 Re7 54. a4 Rhe8 55. g4 Rh8 56. d5 Rhe8 57. gxf5 exf5 58. Rxe7 Rxe7 59. Rh2 Rh7 60. Ke3 Rh8 61. Kf3 Rh7 62. Kg3 Re7 63. Kf3 Rh7 64. Kg3 Re7 65. h5 Rh7 66. h6 g5 67. Re2 g4 68. Re6+ Kf7 69. Kh4 Rh8 70. Kg5 g3 71. Kxf5 Rg8 72. Rf6+ Ke7 73. h7 Rh8 74. Re6+ Kf7 75. Rf6+ Ke7 76. Rg6 Rxh7 77. Rxg3 Kf7 78. Rg5 Rh1 79. Rg3 Rh2 80. Kg5 Rh1 81. Rg4 Rh2 82. Rh4 Rg2+ 83. Kf5 Rg7 84. Rh8 Ke7 85. Rc8 Rf7+ 86. Kg5 Rg7+ 87. Kh6 Rg4 88. Rxc7+ Kf6 89. Kh5 Rxf4 90. Rd7 Ke5 91. c7 Rc4 92. Kg6 Kxd5 93. Kf6 Rc5 94. Ke7 Kc4 95. Kd8 Kb4 96. Rxd6 Kxa4 97. Rxb6 Kb4 98. c8Q Rxc8+ 99. Kxc8 a4 100. Rb8 a3 101. b6 1-0

[Event "Poznan op 24th"]
[Site "Poznan"]
[Date "2016.08.10"]
[Round "3"]
[White "Swiatek, Bartosz"]
[Black "Musialkiewicz, Pawel"]
[Result "0-1"]
[WhiteElo "2043"]
[BlackElo "2266"]
[PlyCount "64"]
[EventDate "2016.08.08"]
[EventType "swiss"]
[EventRounds "9"]
[EventCountry "POL"]
[SourceTitle "CBM 173 Extra"]
[Source "ChessBase"]
[SourceDate "2016.08.29"]
[SourceVersion "1"]
[SourceVersionDate "2016.08.29"]
[SourceQuality "1"]

1. e4 e6 2. d4 d5 3. e5 c5 4. c3 Nc6 5. Nf3 Qb6 6. a3 Nh6 7. b4 cxd4 8. cxd4 Nf5 9. Bb2 Be7 10. g4 Nh4 11. Nbd2 Bd7 12. Nb3 Rc8 13. Rc1 h5 14. Nxh4 Bxh4 15. Rc2 Nxb4 16. axb4 Qxb4+ 17. Nd2 0-0 18. Bd3 Ba4 19. Ba1 Qa3 20. Qf3 Qxa1+ 21. Ke2 Qxd4 22. Rxc8 Rxc8 23. gxh5 Bc2 24. Rf1 Rc3 25. Bxc2 Qxe5+ 26. Kd1 Rxf3 27. Nxf3 Qxh5 28. Ke2 e5 29. Ke3 d4+ 30. Ke2 f5 31. Bxf5 Qxf5 32. Nxh4 Qe4+ 0-1

[Event "Poznan op 24th"]
[Site "Poznan"]
[Date "2016.08.09"]
[Round "2"]
[White "Musialkiewicz, Pawel"]
[Black "Simon, Marek"]
[Result "1-0"]
[WhiteElo "2266"]
[BlackElo "1834"]
[PlyCount "47"]
[EventDate "2016.08.08"]
[EventType "swiss"]
[EventRounds "9"]
[EventCountry "POL"]
[SourceTitle "CBM 173 Extra"]
[Source "ChessBase"]
[SourceDate "2016.08.29"]
[SourceVersion "1"]
[SourceVersionDate "2016.08.29"]
[SourceQuality "1"]

1. d4 Nf6 2. c4 e6 3. Nf3 Bb4+ 4. Bd2 Qe7 5. a3 Bxd2+ 6. Nbxd2 d6 7. Qc2 b6 8. g3 Bb7 9. Bg2 0-0 10. 0-0 Nbd7 11. b4 a5 12. b5 e5 13. e3 e4 14. Ng5 Rae8 15. h4 h6 16. Nh3 Ng4 17. Rac1 f5 18. a4 Kh7 19. Rfe1 g5 20. hxg5 hxg5 21. Qd1 Kg7 22. Qe2 Rh8 23. f3 exf3 24. Nxf3 1-0

[Event "POL-chT"]
[Site "Poland"]
[Date "2015.09.05"]
[Round "5.1"]
[White "Maksimenko, Andrei"]
[Black "Musialkiewicz, Pawel"]
[Result "1-0"]
[WhiteElo "2465"]
[BlackElo "2283"]
[PlyCount "79"]
[EventDate "2015.05.08"]
[EventType "team-tourn"]
[EventRounds "9"]
[EventCountry "POL"]
[SourceTitle "EXT 2016"]
[Source "ChessBase"]
[SourceDate "2015.10.08"]
[SourceVersion "1"]
[SourceVersionDate "2015.10.08"]
[SourceQuality "1"]
[WhiteTeam "Znin Baszta"]
[BlackTeam "Chrobry Gniezno "]
[WhiteTeamCountry "POL"]
[BlackTeamCountry "POL"]

1. d4 d5 2. c4 c6 3. Nc3 e6 4. e4 dxe4 5. Nxe4 Bb4+ 6. Bd2 Qxd4 7. Bxb4 Qxe4+ 8. Ne2 Na6 9. Bf8 Ne7 10. Bxg7 Rg8 11. Bc3 c5 12. f3 Qe3 13. Bd2 Qe5 14. Qb3 Qc7 15. Nf4 Nf5 16. 0-0-0 Bd7 17. Bd3 Nd4 18. Qa3 h6 19. g3 0-0-0 20. Ba5 b6 21. Bc3 Kb7 22. Bxd4 cxd4 23. b4 Bb5 24. Kb2 Bxc4 25. b5 Bxd3 26. Qxa6+ Kb8 27. Rxd3 e5 28. Ne2 Qc4 29. Qa3 Qxb5+ 30. Ka1 f5 31. Rb1 Qc4 32. Qb3 Qxb3 33. axb3 Rd5 34. f4 Ra5+ 35. Kb2 exf4 36. Nxf4 Rd8 37. Rbd1 Rc8 38. Rxd4 Rac5 39. R1d2 a5 40. Rd8 1-0

[Event "POL-chT"]
[Site "Poland"]
[Date "2015.05.09"]
[Round "2.1"]
[White "Musialkiewicz, Pawel"]
[Black "Wieczorek, Zbigniew"]
[Result "1-0"]
[WhiteElo "2283"]
[BlackElo "2316"]
[PlyCount "77"]
[EventDate "2015.05.08"]
[EventType "team-tourn"]
[EventRounds "9"]
[EventCountry "POL"]
[SourceTitle "CBM 166 Extra"]
[Source "ChessBase"]
[SourceDate "2015.06.18"]
[SourceVersion "1"]
[SourceVersionDate "2015.06.18"]
[SourceQuality "1"]
[WhiteTeam "Chrobry Gniezno "]
[BlackTeam "Raciborz Silesia "]
[WhiteTeamCountry "POL"]
[BlackTeamCountry "POL"]

1. d4 Nf6 2. c4 e6 3. g3 Bb4+ 4. Bd2 Qe7 5. Bg2 0-0 6. Nf3 Bxd2+ 7. Nbxd2 d6 8. 0-0 e5 9. dxe5 dxe5 10. Ng5 Nbd7 11. Qc2 h6 12. Nge4 Nxe4 13. Nxe4 f5 14. Nc3 c6 15. Rad1 Nf6 16. a3 Be6 17. b4 Rad8 18. c5 e4 19. f3 Nd5 20. Nxd5 Bxd5 21. fxe4 fxe4 22. Rf4 Rxf4 23. gxf4 Rf8 24. Rf1 Rf5 25. e3 Rh5 26. Qf2 Bc4 27. Rc1 Bd3 28. Kh1 Qf6 29. Rg1 Kh8 30. Qg3 Rd5 31. Qg4 Rd8 32. f5 Re8 33. Qh5 Rf8 34. Bh3 Qb2 35. Qg4 Rf7 36. Qf4 Qxa3 37. f6 Rxf6 38. Qb8+ Kh7 39. Qxb7 1-0

[Event "POL-chT1"]
[Site "Poronin"]
[Date "2014.09.07"]
[Round "9.4"]
[White "Musialkiewicz, Pawel"]
[Black "Laskowski, Filip"]
[Result "1-0"]
[WhiteElo "2253"]
[BlackElo "1804"]
[PlyCount "115"]
[EventDate "2014.08.31"]
[EventType "team-tourn"]
[EventRounds "9"]
[EventCountry "POL"]
[SourceTitle "CBM 162 Extra"]
[Source "ChessBase"]
[SourceDate "2014.10.17"]
[SourceVersion "1"]
[SourceVersionDate "2014.10.17"]
[SourceQuality "1"]
[WhiteTeam "Gniezno LKS Chrobry"]
[BlackTeam "Grudziadz Rotmistrz II"]
[WhiteTeamCountry "POL"]
[BlackTeamCountry "POL"]

1. d4 Nf6 2. c4 g6 3. Nc3 d5 4. Nf3 Bg7 5. cxd5 Nxd5 6. Bd2 Nb6 7. Bf4 c5 8. e4 cxd4 9. Nb5 Na6 10. Nbxd4 0-0 11. e5 Nd5 12. Bd2 Qb6 13. Qb3 Rd8 14. Qxb6 axb6 15. Bc4 Bg4 16. 0-0 Nac7 17. h3 Bxf3 18. Nxf3 b5 19. Bb3 Ne6 20. Rac1 Ndf4 21. Bxf4 Nxf4 22. Rc7 e6 23. Rxb7 Rab8 24. Rxb8 Rxb8 25. Rd1 Rc8 26. Kf1 h6 27. h4 Bf8 28. g3 Nd5 29. Bxd5 exd5 30. Rxd5 Rc1+ 31. Ke2 Rc2+ 32. Rd2 Rc5 33. Ke3 Bg7 34. Kd4 Rc4+ 35. Kd5 Rc8 36. Nd4 Rd8+ 37. Ke4 f5+ 38. exf6 Bxf6 39. f4 h5 40. b3 Kf7 41. Nf3 Rxd2 42. Nxd2 Bc3 43. Nf3 Kf6 44. a4 bxa4 45. bxa4 Ba5 46. Ne5 Be1 47. Nd3 Bd2 48. Nc5 Be1 49. Nd3 Bd2 50. Ne5 Be1 51. Nc4 Ke6 52. a5 Kd7 53. a6 Kc7 54. Kf3 Bc3 55. Ne5 Kb6 56. Nxg6 Kxa6 57. f5 Kb6 58. Nf4 1-0

[Event "POL-chT1"]
[Site "Poronin"]
[Date "2014.09.03"]
[Round "4.2"]
[White "Musialkiewicz, Pawel"]
[Black "Migala, Andrzej"]
[Result "1-0"]
[WhiteElo "2253"]
[BlackElo "2066"]
[PlyCount "93"]
[EventDate "2014.08.31"]
[EventType "team-tourn"]
[EventRounds "9"]
[EventCountry "POL"]
[SourceTitle "CBM 162 Extra"]
[Source "ChessBase"]
[SourceDate "2014.10.17"]
[SourceVersion "1"]
[SourceVersionDate "2014.10.17"]
[SourceQuality "1"]
[WhiteTeam "Gniezno LKS Chrobry"]
[BlackTeam "Ostroda Impact"]
[WhiteTeamCountry "POL"]
[BlackTeamCountry "POL"]

1. d4 d5 2. c4 c6 3. Nc3 Nf6 4. e3 a6 5. Nf3 b5 6. cxd5 cxd5 7. Bd3 Bb7 8. Ne5 Nbd7 9. f4 e6 10. 0-0 Be7 11. Qf3 0-0 12. Qh3 b4 13. Nd1 Ne4 14. Nf2 f5 15. Nxe4 dxe4 16. Bc4 Rf6 17. Qh5 g6 18. Qe2 Nb6 19. b3 Nd5 20. g4 Rf8 21. g5 Bd6 22. Bb2 Re8 23. h4 Re7 24. Rae1 a5 25. h5 gxh5 26. Qxh5 Qe8 27. Qh3 Rc8 28. Rf2 a4 29. Rg2 Bxe5 30. dxe5 Rg7 31. Bd4 Qd7 32. Qh4 axb3 33. axb3 Ra8 34. Kh1 Rg6 35. Rh2 Rg7 36. Rg1 Qf7 37. g6 Qe7 38. gxh7+ Kh8 39. Qxe7 Rxe7 40. Rg6 Rae8 41. Rgh6 Bc6 42. Be2 Ra8 43. Bc4 Rae8 44. Bf1 Ra8 45. Bh3 Bb5 46. Bxf5 Nxe3 47. Bxe4 1-0

[Event "Poznan op 22nd"]
[Site "Poznan"]
[Date "2014.08.11"]
[Round "4"]
[White "Rozycki, Bartlomiej"]
[Black "Musialkiewicz, Pawel"]
[Result "0-1"]
[WhiteElo "2128"]
[BlackElo "2222"]
[PlyCount "56"]
[EventDate "2014.08.09"]
[EventType "swiss"]
[EventRounds "9"]
[EventCountry "POL"]
[SourceTitle "CBM 161 Extra"]
[Source "ChessBase"]
[SourceDate "2014.08.29"]
[SourceVersion "1"]
[SourceVersionDate "2014.08.29"]
[SourceQuality "1"]

1. e4 e6 2. d4 d5 3. Nd2 Nf6 4. e5 Nfd7 5. Bd3 c5 6. c3 Nc6 7. Ne2 cxd4 8. cxd4 f6 9. Nf4 Nxd4 10. Qh5+ Ke7 11. Ng6+ hxg6 12. exf6+ Nxf6 13. Qxh8 Kf7 14. Qh4 e5 15. Nf3 Nxf3+ 16. gxf3 Bf5 17. Bxf5 gxf5 18. 0-0 f4 19. Qg5 Bd6 20. Re1 Qc7 21. Qf5 Rh8 22. Bd2 Rh5 23. Qd3 Qc8 24. Qf1 Qh8 25. Qg2 Qh6 26. Qh1 Qg6+ 27. Kf1 Qd3+ 28. Re2 e4 0-1

[Event "Poznan op 22nd"]
[Site "Poznan"]
[Date "2014.08.10"]
[Round "2"]
[White "Wydornik, Robert"]
[Black "Musialkiewicz, Pawel"]
[Result "0-1"]
[WhiteElo "1521"]
[BlackElo "2222"]
[PlyCount "74"]
[EventDate "2014.08.09"]
[EventType "swiss"]
[EventRounds "9"]
[EventCountry "POL"]
[SourceTitle "CBM 161 Extra"]
[Source "ChessBase"]
[SourceDate "2014.08.29"]
[SourceVersion "1"]
[SourceVersionDate "2014.08.29"]
[SourceQuality "1"]

1. e4 e6 2. d4 d5 3. Nc3 Nf6 4. Bg5 Bb4 5. e5 h6 6. Bd2 Bxc3 7. Bxc3 Ne4 8. Bd3 Nxc3 9. bxc3 c5 10. Qg4 g6 11. Nh3 Qa5 12. 0-0 c4 13. Bxg6 Rg8 14. Nf4 fxg6 15. Nh5 Kd8 16. Nf6 Rg7 17. Nh5 Qc7 18. Nxg7 Qxg7 19. f4 Nc6 20. h4 Bd7 21. h5 Ne7 22. Rf3 Kc7 23. hxg6 Rg8 24. Kf2 Qf8 25. Rh1 Rxg6 26. Qh3 Qg7 27. Rg3 h5 28. Rxg6 Qxg6 29. Rc1 Ba4 30. Qe3 Bxc2 31. Qd2 Be4 32. Rg1 Nf5 33. g3 Qg4 34. Qd1 Qh3 35. Ke1 Qh2 36. Rf1 Nxg3 37. Rf2 Qg1+ 0-1

[Event "POL-chT3 Wielkopolskie 1314"]
[Site "Poland"]
[Date "2014.02.16"]
[Round "7.32"]
[White "Meczynski, Waldemar"]
[Black "Musialkiewicz, Pawel"]
[Result "0-1"]
[WhiteElo "2129"]
[BlackElo "2216"]
[PlyCount "114"]
[EventDate "2013.10.27"]
[EventType "team-tourn"]
[EventRounds "11"]
[EventCountry "POL"]
[SourceTitle "EXT 2015"]
[Source "ChessBase"]
[SourceDate "2014.11.20"]
[SourceVersion "1"]
[SourceVersionDate "2014.11.20"]
[SourceQuality "1"]
[WhiteTeam "Konin Hetman"]
[BlackTeam "Gniezno LKS Chrobry II"]
[WhiteTeamCountry "POL"]
[BlackTeamCountry "POL"]

1. e4 e6 2. d4 d5 3. Nc3 Nf6 4. Bg5 Bb4 5. e5 h6 6. Bd2 Bxc3 7. bxc3 Ne4 8. Qg4 g6 9. Bd3 Nxd2 10. Kxd2 c5 11. Nf3 Bd7 12. dxc5 Qe7 13. Rhe1 Qxc5 14. Nd4 a6 15. Rab1 b5 16. Re3 Qe7 17. h4 h5 18. Qg3 Nc6 19. Rf3 Rg8 20. Rf6 Qc5 21. Qf4 Rf8 22. Nf3 Qxf2+ 23. Be2 Ne7 24. Rf1 Qc5 25. Nd4 Nf5 26. Nxf5 exf5 27. Rd6 Rc8 28. Rf3 a5 29. Rd3 Be6 30. a4 b4 31. Re3 bxc3+ 32. Kd1 Bd7 33. e6 fxe6 34. Rexe6+ Bxe6 35. Rxe6+ Kd7 36. Qe5 Rb8 37. Bb5+ Rxb5 38. axb5 Qg1+ 39. Ke2 Qxg2+ 40. Ke3 Qe4+ 41. Qxe4 fxe4 42. Rxg6 Rb8 43. b6 Kc8 44. Kd4 Kb7 45. Kxd5 Re8 46. Kc5 e3 47. Rg7+ Kb8 48. Kc6 Re6+ 49. Kb5 Re8 50. Kc6 Re6+ 51. Kb5 e2 52. Rg8+ Kb7 53. Rg7+ Kc8 54. Rg8+ Kd7 55. b7 e1Q 56. Rg7+ Re7 57. Rxe7+ Kxe7 0-1

[Event "POL-chT2"]
[Site "Poronin"]
[Date "2013.09.15"]
[Round "9.23"]
[White "Musialkiewicz, Pawel"]
[Black "Dudys, Jakub"]
[Result "1-0"]
[WhiteElo "2191"]
[BlackElo "2154"]
[PlyCount "45"]
[EventDate "2013.09.06"]
[EventType "team-swiss"]
[EventRounds "9"]
[EventCountry "POL"]
[SourceTitle "EXT 2015"]
[Source "ChessBase"]
[SourceDate "2014.11.20"]
[SourceVersion "1"]
[SourceVersionDate "2014.11.20"]
[SourceQuality "1"]
[WhiteTeam "Gniezno LKS Chrobry"]
[BlackTeam "Gliwice Politechnika Slaska"]
[WhiteTeamCountry "POL"]
[BlackTeamCountry "POL"]

1. d4 Nf6 2. c4 e6 3. Nc3 Bb4 4. Qc2 c5 5. dxc5 0-0 6. a3 Bxc5 7. Nf3 b6 8. Bf4 Bb7 9. Rd1 Nh5 10. Bc1 Be7 11. e4 Nc6 12. Be2 a6 13. 0-0 Qc7 14. Rfe1 d6 15. Nd5 exd5 16. cxd5 Nf6 17. Nd4 Rfc8 18. dxc6 Bxc6 19. Nxc6 Qxc6 20. Qxc6 Rxc6 21. Bf3 Nd7 22. e5 Nxe5 23. Rxe5 1-0

[Event "POL-chT2"]
[Site "Poronin"]
[Date "2013.09.08"]
[Round "2.23"]
[White "Musialkiewicz, Pawel"]
[Black "Krainski, Slawomir"]
[Result "1-0"]
[WhiteElo "2191"]
[BlackElo "2014"]
[PlyCount "51"]
[EventDate "2013.09.06"]
[EventType "team-swiss"]
[EventRounds "9"]
[EventCountry "POL"]
[SourceTitle "EXT 2015"]
[Source "ChessBase"]
[SourceDate "2014.11.20"]
[SourceVersion "1"]
[SourceVersionDate "2014.11.20"]
[SourceQuality "1"]
[WhiteTeam "Gniezno LKS Chrobry"]
[BlackTeam "Grudziadz Rotmistrz II"]
[WhiteTeamCountry "POL"]
[BlackTeamCountry "POL"]

1. d4 d5 2. c4 c6 3. Nc3 Nf6 4. e3 e6 5. Nf3 Nbd7 6. Qc2 Bd6 7. Be2 dxc4 8. Bxc4 b5 9. Be2 b4 10. Na4 Bb7 11. 0-0 c5 12. Nxc5 Qc7 13. Qa4 Bxc5 14. dxc5 Ng4 15. Rd1 0-0-0 16. Qxb4 h5 17. Bd2 Nde5 18. Nxe5 Nxe5 19. Bc3 Ng4 20. Qf4 Qe7 21. Rxd8+ Rxd8 22. c6 Bxc6 23. Ba6+ Bb7 24. Bb4 Qc7 25. Qxc7+ Kxc7 26. Ba5+ 1-0

[Event "Rewal op-A 18th"]
[Site "Rewal"]
[Date "2013.08.28"]
[Round "8"]
[White "Musialkiewicz, Pawel"]
[Black "Adamowicz, Maciej"]
[Result "1-0"]
[WhiteElo "2191"]
[BlackElo "2071"]
[PlyCount "125"]
[EventDate "2013.08.20"]
[EventType "swiss"]
[EventRounds "9"]
[EventCountry "POL"]
[SourceTitle "CBM 156 Extra"]
[Source "ChessBase"]
[SourceDate "2013.10.22"]
[SourceVersion "1"]
[SourceVersionDate "2013.10.22"]
[SourceQuality "1"]

1. d4 Nf6 2. c4 c5 3. d5 b5 4. cxb5 a6 5. bxa6 Bxa6 6. Nc3 g6 7. g3 d6 8. Bg2 Bg7 9. Nf3 0-0 10. 0-0 Nbd7 11. Rb1 Qa5 12. Bd2 Rfb8 13. Qc2 Ne8 14. a4 Qb6 15. b3 Nc7 16. Rfd1 Bb7 17. e4 Na6 18. Nb5 Rc8 19. Bc3 Nb4 20. Qb2 Bh6 21. Ne1 Ba6 22. Bf1 Nf6 23. Bxf6 exf6 24. Qxf6 Bxb5 25. Bxb5 Bg7 26. Qf3 Na2 27. Rd3 Qa5 28. Nc2 Nc3 29. Rxc3 Qxc3 30. Qxc3 Bxc3 31. Na3 Kf8 32. Nc4 Rd8 33. Rd1 f6 34. Rd3 Bd4 35. Kg2 Ke7 36. f4 Rdb8 37. b4 Rf8 38. Na5 Rxa5 39. bxa5 Ra8 40. a6 Kd8 41. Rb3 Kc7 42. Kf3 Rb8 43. Ke2 Kb6 44. Kd3 Ka7 45. Kc4 Rb6 46. g4 Rb8 47. Rh3 Rh8 48. g5 Kb6 49. gxf6 Bxf6 50. Rb3 Bd4 51. Rh3 h6 52. e5 dxe5 53. fxe5 Bxe5 54. Re3 Bxh2 55. Re6+ Ka7 56. Re7+ Kb6 57. Re6+ Ka7 58. Re7+ Kb6 59. a7 Bc7 60. a5+ Kxa5 61. Rxc7 Kb6 62. Rg7 Ra8 63. Rxg6+ 1-0

[Event "Olsztyn op U18 blitz"]
[Site "Olsztyn"]
[Date "2013.08.03"]
[Round "6"]
[White "Musialkiewicz, Pawel"]
[Black "Lewicki, Miroslaw"]
[Result "1-0"]
[WhiteElo "2191"]
[BlackElo "2188"]
[PlyCount "79"]
[EventDate "2013.08.03"]
[EventType "swiss (blitz)"]
[EventRounds "22"]
[EventCountry "POL"]
[SourceTitle "CBM 155 Extra"]
[Source "ChessBase"]
[SourceDate "2013.08.26"]
[SourceVersion "1"]
[SourceVersionDate "2013.08.26"]
[SourceQuality "1"]

1. e4 c5 2. Nf3 Nc6 3. d4 cxd4 4. Nxd4 g6 5. Nc3 Bg7 6. Nb3 Nf6 7. Be2 0-0 8. 0-0 d6 9. Re1 Be6 10. Bf1 Rc8 11. Nd5 Ne5 12. c3 Re8 13. Bg5 Bxd5 14. exd5 Nc4 15. Bxc4 Rxc4 16. Qd3 Rc8 17. Re2 h6 18. Bh4 Nd7 19. Rae1 Ne5 20. Qb5 g5 21. Bg3 Qc7 22. Nd4 a6 23. Qb3 Nd3 24. Rd1 Nc5 25. Qc2 e6 26. dxe6 fxe6 27. b4 Nd7 28. Rxe6 Rxe6 29. Nxe6 Qxc3 30. Qg6 Nf8 31. Nxf8 Rxf8 32. Qxd6 Rc8 33. h4 gxh4 34. Bxh4 Qc4 35. Bf6 Qf7 36. Bxg7 Qxg7 37. Rd3 Rc4 38. Qe6+ Qf7 39. Rd8+ Kg7 40. Rd7 1-0